000 00926nam a2200265 i 4500
001 000049094
003 DO-SdBNP
005 20251124101214.0
007 ta
008 190718s2008 dr 000 0 spa d
020 _a9789945421606
040 _aDO-SdBNP
_bspa
_cBNPHU
_erda
041 _aspa
082 4 _axxx
_bM425r
_222
100 1 _aMateo Martínez, Héctor E.
_eautor
_920040
_4aut.
245 1 0 _aReflexiones y anécdotas /
_cHéctor Mateo Martíne.
264 1 _aSanto Domingo, República Dominicana :
_bAmigo del Hogar,
_c2008.
300 _avolumen ;
_c26 cm.
336 _atexto
_btxt
_2rdacontent
337 _asin mediación
_bn
_2rdamedia
338 _avolumen
_bnc
_2rdacarrier
505 0 _aAlma y vida --
_tDe lo social, lo político y lo humano --
_tConsejo de salud --
_tNovedades sobre el corazón y la cardiología --
_tAnécdotas e historietas
590 _aInventariado, 2019/VM
942 _2ddc
_cLBS1
999 _c48582
_d48582